Statistics for Denver Nuggets 2010s Top 10 Leaders

Click here to take the quiz!

General Stats

  • This quiz has been taken 61 times
  • The average score is 11 of 23

Answer Stats

Player% Correct
Nikola Jokić
100%
Carmelo Anthony
88%
Jamal Murray
88%
Gary Harris
78%
Ty Lawson
73%
Will Barton
69%
Danilo Gallinari
63%
Kenneth Faried
63%
Chauncey Billups
59%
J.R. Smith
57%
Nenê Hilário
49%
Wilson Chandler
49%
Mason Plumlee
37%
JaVale McGee
33%
Andre Miller
29%
Jameer Nelson
25%
Arron Afflalo
24%
Timofey Mozgov
24%
Chris Andersen
22%
Emmanuel Mudiay
22%
J.J. Hickson
18%
Darrell Arthur
14%
Kosta Koufos
14%

Score Distribution

Percentile by Number Answered

Percent of People with Each Score

Your Score History

You have not taken this quiz